000 00294nam a2200121Ia 4500
008 190216s9999||||xx |||||||||||||| ||und||
100 _a"Cosmic Kapoor S K,Cosmic Kapoor R D"
245 0 _aPractice Vedic Mathematics
260 _bLotus
300 _a268
650 _aMathematics
942 _cBK
999 _c32090
_d32090